zpět

Detail výsledku týmu

Šnyt, Šternberk

Datum a čas kvízu

19 Celkem bodů Celkový počet nahraných bodů na tomto kvízu bez doplňovacích otázek.
8. Pořadí na kvízu Konečné umístění týmu na tomto kvízu.

Zaznamenané odpovědi

# Otázka Odpověď Body Výsledky
1. V pondělí odpoledne došlo k za... Merkur 1
2. Berlínský spolek pro otevřenou... kus Berlínské zdi 1
3. 17. listopadu měl na HBO premi... Bez vědomí 0
4. Čínská firma Huawei rozdá svým... trumpovné 1
5. Ve kterém českém městě se odeh... v Plzni 1
6. Téma o tomto komikovi si vybra... v Litoměřicích 0
7. Jak se jmenuje herečka zdatně... Iva Janžurová 1
8. Ve scénce Luštitel křížovek Ho... Právě proto tam budou vzácný. 1
9. Kde se odehrává tato scénka? A... B) na hřbitově 1
10. Ve scénce V restauraci hraje H... To vám snad stačí, ne? 0